| 000 | 00892nam a2200265 i 4500 | ||
|---|---|---|---|
| 005 | 20251030154546.0 | ||
| 008 | 251030t20242024my er 000 f may d | ||
| 020 |
_a9786299888635 _cRM40.00 _qpaperback |
||
| 040 |
_aPPAK _beng _cPPAK _erda |
||
| 082 | 0 | 4 |
_223 _a899.2333 |
| 090 | 0 | 0 |
_a899.2333 _bSYA _dG |
| 100 | 0 |
_aSyaf Asriqa, _eauthor. |
|
| 245 | 1 | 0 |
_aKerana Aku Bukan Pilihan : _bHanya kau cinta matiku / _cSYAF ASRIQA ; Penyunting: Cik Ainul Tajul & Puan Haanim Mustafa |
| 264 | 1 |
_aSkudai, Johor : _bInk Loaf Publication, _c2024 |
|
| 264 | 4 | _c©2024 | |
| 300 |
_a510 pages ; _c21 cm |
||
| 336 |
_atext _2rdacontent |
||
| 337 |
_aunmediated _2rdamedia |
||
| 338 |
_avolume _2rdacarrier |
||
| 650 | 1 | 0 | _aMalay fiction |
| 650 | 2 | 4 | _aMalaysian fiction (Malay) |
| 700 | 0 |
_aAinul Tajul, _cCik, _eeditor. |
|
| 700 | 0 |
_aHaanim Mustafa, _cPuan, _eeditor. |
|
| 942 |
_2ddc _cB |
||
| 999 |
_c201383 _d201383 |
||